00850nam a2200229 i 450000100060000000300090000600500170001500700030003200800410003510000270007624501240010326000350022730000350026265000330029770000310033070000300036170000270039170000410041885200220045999900170048195201220049871820ES-MaACL20230906171235.0t|040819s1971 sp ||||1| spa d1 aGibbon, John H.95663210aCirugía torácica / cJohn H. Gibbon, David C. Sabiston, Frank C. Spencer ; [versión, A. Alix Trueba y N.G. Vega]. aBarcelona : bSalvat, c[1971] aXX, 1015 p. : bil. ; c26 cm. 4aTórax-xCirugía.91616331 aSabiston, David C.91012081 aSpencer, Frank C.91076831 aAlix Trueba, A.9199451 aGonzález de Vega, Norberto.958576 aES-MaACLjC-37291 c71820d71820 00104070aATENEOMbATENEOMcDEPO2d2008-01-17eSCl0oC-37291p1075188r2023-02-23 00:00:00w2023-02-23yMONOGRAFIA